[Event "16. Open C.A. Villaverde 2011"]
[Site "Madrid ESP"]
[Date "2011.11.14"]
[Round "1.1"]
[White "Jimenez Gonzalez, Marcos"]
[Black "Longa Yauca, Javier"]
[Result "0-1"]
[WhiteElo "1830"]
[BlackElo "2296"]
[PlyCount "104"]
[EventDate "2011.11.14"]
[EventType "swiss"]
[EventRounds "8"]
[EventCountry "ESP"]
[Source "lmi"]
[SourceDate "2011.11.14"]

1. c4 Nf6 2. g3 e6 3. Bg2 d5 4. Nf3 Bd6 5. O-O c6 6. b3 O-O 7. Bb2 Qe7 8. d4
Nbd7 9. Ne5 Rd8 10. f4 Nf8 11. Qc2 a5 12. c5 Bc7 13. Nc3 Bd7 14. a3 Be8 15. Na4
N6d7 16. Rae1 f5 17. g4 Nxe5 18. fxe5 fxg4 19. e4 Qh4 20. Re3 Bg6 21. Qe2 Nd7
22. exd5 cxd5 23. Rg3 h5 24. Nc3 Nf8 25. Nb5 Rd7 26. Bc1 Nh7 27. Nxc7 Rxc7 28.
Qe3 Rcc8 29. Bd2 Rf8 30. Rc1 Rf7 31. b4 axb4 32. axb4 Ra2 33. c6 bxc6 34. Rxc6
Rb2 35. Rxe6 Rb1+ 36. Bc1 Be4 37. Re8+ Rf8 38. Rxf8+ Nxf8 39. Bxe4 dxe4 40. Kg2
Qe7 41. Bd2 Qf7 42. Be1 Qa2+ 43. Kh1 Rb2 44. Qxe4 Rxh2+ 45. Kg1 Re2 46. Re3
Rxe3 47. Qxe3 Qd5 48. Bf2 Ne6 49. Bg3 Qxd4 50. Qxd4 Nxd4 51. Kf2 Kf7 52. Bf4
Ne6 0-1

[Event "16. Open C.A. Villaverde 2011"]
[Site "Madrid ESP"]
[Date "2011.11.14"]
[Round "1.2"]
[White "Gongora Montes, Benjamin"]
[Black "Garcia Martinez, Jose Luis"]
[Result "1-0"]
[WhiteElo "2217"]
[BlackElo "1815"]
[PlyCount "49"]
[EventDate "2011.11.14"]
[EventType "swiss"]
[EventRounds "8"]
[EventCountry "ESP"]
[Source "lmi"]
[SourceDate "2011.11.14"]

1. e4 e6 2. d3 d5 3. Nd2 c5 4. Ngf3 Nc6 5. g3 Nf6 6. Bg2 Bd6 7. O-O O-O 8. Re1
Qc7 9. Qe2 Nd7 10. Nf1 d4 11. Nh4 e5 12. Nf5 Nf6 13. Bg5 Be7 14. f4 b5 15. Nd2
Re8 16. a4 Ba6 17. axb5 Bxb5 18. Rf1 Qd8 19. Nf3 exf4 20. gxf4 Nd7 21. Qf2 Bxg5
22. Nxg5 Qf6 23. Qg3 Kh8 24. Nd6 Reb8 25. e5 1-0

[Event "16. Open C.A. Villaverde 2011"]
[Site "Madrid ESP"]
[Date "2011.11.14"]
[Round "1.3"]
[White "Galan Aguado, Fernando"]
[Black "Quevedo Marin, Manuel"]
[Result "0-1"]
[WhiteElo "1804"]
[BlackElo "2184"]
[PlyCount "98"]
[EventDate "2011.11.14"]
[EventType "swiss"]
[EventRounds "8"]
[EventCountry "ESP"]
[Source "lmi"]
[SourceDate "2011.11.14"]

1. d4 Nf6 2. Nf3 d5 3. e3 c5 4. b3 Nc6 5. Bb2 Bf5 6. Be2 e6 7. a3 Bd6 8. O-O
O-O 9. Nbd2 cxd4 10. exd4 Rc8 11. Rc1 Qe7 12. Nb1 Rfd8 13. Ne5 Nd7 14. f4 f6
15. Nd3 b5 16. Qd2 Nb6 17. Qe3 Nd7 18. g4 Bg6 19. Bf3 Re8 20. Rfe1 Bf7 21. Qd2
Qd8 22. Qg2 Qb6 23. Qf2 Qc7 24. Bh1 Nf8 25. Nc3 a6 26. f5 Ne7 27. b4 Qc4 28.
Nc5 e5 29. Nb7 Bb8 30. Rcd1 Nc6 31. dxe5 Ba7 32. Nc5 Nxe5 33. Rd4 Bxc5 34. bxc5
Qxc5 35. Nxd5 Nc4 36. Bc3 Rxe1+ 37. Bxe1 Qxa3 38. Bb4 Qa1+ 39. Be1 Re8 40. Re4
Ne5 41. Ne3 Nfd7 42. Qg3 Nc5 43. Rb4 Nc4 44. Ng2 Ne4 45. Qd3 Ng5 46. Kf1 h6 47.
Qc3 Qd1 48. Nf4 Ne3+ 49. Kg1 Nxc2 0-1

[Event "16. Open C.A. Villaverde 2011"]
[Site "Madrid ESP"]
[Date "2011.11.14"]
[Round "1.4"]
[White "Ramirez Garcia, Jorge Alberto"]
[Black "Rodriguez Bachiller, Luis"]
[Result "1-0"]
[WhiteElo "2177"]
[BlackElo "1798"]
[PlyCount "99"]
[EventDate "2011.11.14"]
[EventType "swiss"]
[EventRounds "8"]
[EventCountry "ESP"]
[Source "lmi"]
[SourceDate "2011.11.14"]

1. e4 e6 2. d4 d5 3. Nc3 Bb4 4. a3 Bxc3+ 5. bxc3 dxe4 6. Qg4 Nf6 7. Qxg7 Rg8 8.
Qh6 Rg6 9. Qd2 c5 10. Ne2 Nc6 11. Bb2 Bd7 12. dxc5 Qe7 13. Qd6 O-O-O 14. Qxe7
Nxe7 15. c4 Bc6 16. Nf4 Rh6 17. Bc1 Rh4 18. Be2 Ng4 19. h3 e3 20. Bxg4 f5 21.
Be2 Rxf4 22. Bxe3 Re4 23. Bg5 Rd7 24. f3 Re5 25. Kf2 Rxc5 26. Rhd1 Ng6 27. Rxd7
Kxd7 28. Rd1+ Ke8 29. Rd8+ Kf7 30. Bd2 Ba4 31. Bb4 Rc7 32. Bd6 Rd7 33. Rxd7+
Bxd7 34. g3 e5 35. h4 Ke6 36. Bc5 b6 37. Bb4 f4 38. Bd3 fxg3+ 39. Kxg3 Kf6 40.
c5 h5 41. Be4 Ne7 42. cxb6 axb6 43. Bxe7+ Kxe7 44. Bg6 Kf6 45. Bxh5 Bf5 46. c3
e4 47. Kf4 exf3 48. Bxf3 Bd3 49. h5 Kg7 50. Ke5 1-0

[Event "16. Open C.A. Villaverde 2011"]
[Site "Madrid ESP"]
[Date "2011.11.14"]
[Round "1.5"]
[White "Nieto Esteban, Manuel"]
[Black "Aziz Ortego, Omar Luis"]
[Result "1-0"]
[WhiteElo "1760"]
[BlackElo "2139"]
[PlyCount "167"]
[EventDate "2011.11.14"]
[EventType "swiss"]
[EventRounds "8"]
[EventCountry "ESP"]
[Source "lmi"]
[SourceDate "2011.11.14"]

1. Nf3 e6 2. g3 g6 3. Bg2 Bg7 4. O-O c5 5. c4 Nc6 6. Nc3 Nge7 7. b3 d5 8. cxd5
exd5 9. Bb2 O-O 10. Na4 Bxb2 11. Nxb2 Bf5 12. d3 Rc8 13. Qd2 Qa5 14. Qh6 f6 15.
h4 Be6 16. Rfc1 Ne5 17. Nxe5 fxe5 18. Rc2 Nf5 19. Qd2 Qxd2 20. Rxd2 Nd4 21. Nd1
b5 22. Nc3 Rfd8 23. e3 b4 24. Na4 Nb5 25. Rc1 c4 26. dxc4 dxc4 27. Rxd8+ Rxd8
28. bxc4 Na3 29. Bf1 Rd2 30. Nc5 Bc8 31. Ra1 a5 32. Nb3 Rc2 33. Nxa5 Bd7 34.
Bg2 Kf8 35. Be4 Rc3 36. Rd1 Ke7 37. Rd2 Nxc4 38. Nxc4 Rxc4 39. Bd5 Rc1+ 40. Kg2
Bc6 41. Bxc6 Rxc6 42. Rb2 Rb6 43. Kf3 Kd6 44. Ke4 Rb8 45. a3 b3 46. Kd3 Kc5 47.
Kc3 e4 48. Rxb3 Rd8 49. Kc2 Rf8 50. f4 exf3 51. Rb1 Kc4 52. Kd2 Rd8+ 53. Ke1
Ra8 54. Kf2 Rxa3 55. Rb7 Ra6 56. Rxh7 Rf6 57. Rd7 Kc5 58. Rd4 Rf8 59. Rf4 Re8
60. Kxf3 Kd5 61. Rf6 Rg8 62. Kf4 g5+ 63. hxg5 Re8 64. Rf5+ Kd6 65. e4 Ra8 66.
g6 Ke6 67. Kg5 Rg8 68. g4 Ke7 69. Kh6 Rh8+ 70. Kg7 Rh4 71. Rf4 Rh3 72. Kg8 Rh4
73. g7 Rh3 74. Rf7+ Ke8 75. Rf8+ Ke7 76. e5 Rh4 77. Rf4 Ke8 78. e6 Ke7 79. Rf7+
Ke8 80. g5 Rh5 81. Rf6 Ke7 82. Rh6 Rxg5 83. Kh7 Rxg7+ 84. Kxg7 1-0

[Event "16. Open C.A. Villaverde 2011"]
[Site "Madrid ESP"]
[Date "2011.11.14"]
[Round "1.6"]
[White "Garcia Diaz, Victor"]
[Black "Head Ladeveze, Jorge"]
[Result "1-0"]
[WhiteElo "2107"]
[BlackElo "1750"]
[PlyCount "71"]
[EventDate "2011.11.14"]
[EventType "swiss"]
[EventRounds "8"]
[EventCountry "ESP"]
[Source "lmi"]
[SourceDate "2011.11.14"]

1. d4 d5 2. c4 e6 3. g3 b6 4. Bg2 Bb7 5. Nc3 Nf6 6. Nh3 Be7 7. O-O O-O 8. Bg5
Nbd7 9. cxd5 exd5 10. Qb3 h6 11. Bf4 c6 12. a4 a5 13. Rac1 Re8 14. Qc2 Nf8 15.
Rcd1 Bb4 16. Bc1 Ba6 17. Rfe1 Ne6 18. Nf4 Ng5 19. Nd3 Bd6 20. Ne5 Bxe5 21. dxe5
Nd7 22. e4 Rc8 23. exd5 cxd5 24. Bxd5 Qc7 25. f4 Ne6 26. f5 Nec5 27. e6 fxe6
28. Bf4 Qa7 29. fxe6 Nf6 30. Qg6 Nxd5 31. Nxd5 Kh8 32. e7 Nd7 33. Bxh6 Rg8 34.
e8=Q b5+ 35. Be3 Bb7 36. Qh5# 1-0

[Event "16. Open C.A. Villaverde 2011"]
[Site "Madrid ESP"]
[Date "2011.11.14"]
[Round "1.7"]
[White "Garcia Hernandez, Javier"]
[Black "Barajas Fernandez, Helios"]
[Result "0-1"]
[WhiteElo "1727"]
[BlackElo "2106"]
[PlyCount "48"]
[EventDate "2011.11.14"]
[EventType "swiss"]
[EventRounds "8"]
[EventCountry "ESP"]
[Source "lmi"]
[SourceDate "2011.11.14"]

1. d4 Nf6 2. c4 e6 3. Nc3 Bb4 4. Qc2 d5 5. e3 O-O 6. Bd3 c5 7. Nge2 b5 8. b3
bxc4 9. bxc4 Ba6 10. cxd5 Bxd3 11. Qxd3 cxd4 12. exd4 Nxd5 13. O-O Nc6 14. Nxd5
Qxd5 15. Bb2 Rfd8 16. Qg3 Bd6 17. Qg4 Rab8 18. Rab1 Bf8 19. Nc3 Qc4 20. Ne4 f5
21. Nf6+ Kh8 22. Qh4 gxf6 23. Rfc1 Rxb2 24. Ra1 Qxd4 0-1

[Event "16. Open C.A. Villaverde 2011"]
[Site "Madrid ESP"]
[Date "2011.11.14"]
[Round "1.8"]
[White "Vazquez Gonzalez, Jesus"]
[Black "Martinez Miura, Enrique"]
[Result "1-0"]
[WhiteElo "2074"]
[BlackElo "1713"]
[PlyCount "59"]
[EventDate "2011.11.14"]
[EventType "swiss"]
[EventRounds "8"]
[EventCountry "ESP"]
[Source "lmi"]
[SourceDate "2011.11.14"]

1. e4 e6 2. d4 d5 3. exd5 exd5 4. Bd3 Bd6 5. Ne2 Nf6 6. O-O O-O 7. Ng3 h6 8.
Nf5 Bxf5 9. Bxf5 c6 10. Qf3 Ne4 11. Qg4 Qf6 12. Bxe4 dxe4 13. Qxe4 Na6 14. c3
Rfe8 15. Qg4 Re7 16. Be3 Rae8 17. Nd2 Re6 18. Rad1 Qe7 19. Rfe1 Rg6 20. Qh3 Qc7
21. Nc4 b5 22. Nxd6 Qxd6 23. Bd2 Rf8 24. Re5 Nc7 25. Rde1 Ne6 26. f4 Rf6 27. f5
Nxd4 28. cxd4 Qxd4+ 29. Qe3 Qxb2 30. Bc3 1-0

[Event "16. Open C.A. Villaverde 2011"]
[Site "Madrid ESP"]
[Date "2011.11.14"]
[Round "1.9"]
[White "Martinez Cepedano, Roberto"]
[Black "Mansilla Tolosa, Luis"]
[Result "1-0"]
[WhiteElo "1683"]
[BlackElo "2070"]
[PlyCount "61"]
[EventDate "2011.11.14"]
[EventType "swiss"]
[EventRounds "8"]
[EventCountry "ESP"]
[Source "lmi"]
[SourceDate "2011.11.14"]

1. e4 c5 2. Nf3 d6 3. d4 cxd4 4. Nxd4 Nf6 5. Nc3 a6 6. Be2 e5 7. Nb3 Be7 8. a4
Be6 9. Bf3 Nbd7 10. Be3 Qc7 11. Nd2 Rc8 12. O-O O-O 13. g3 Rfd8 14. Bg2 Ng4 15.
Re1 Nxe3 16. Rxe3 Bg5 17. Re1 Qb6 18. Rb1 Nf6 19. h3 d5 20. exd5 Bxd5 21. Nxd5
Nxd5 22. Rxe5 Ne3 23. Qe2 Rxc2 24. Rxg5 Rdxd2 25. Re5 f6 26. Qxe3 Qxe3 27. Rxe3
b6 28. Rbe1 Rxb2 29. Bf3 Rd4 30. Re8+ Kf7 31. Bh5+ 1-0

[Event "16. Open C.A. Villaverde 2011"]
[Site "Madrid ESP"]
[Date "2011.11.14"]
[Round "1.10"]
[White "Lopez De Turiso, Jose Angel"]
[Black "Urena Castellanos, Antonio"]
[Result "1-0"]
[WhiteElo "2065"]
[BlackElo "1648"]
[PlyCount "67"]
[EventDate "2011.11.14"]
[EventType "swiss"]
[EventRounds "8"]
[EventCountry "ESP"]
[Source "lmi"]
[SourceDate "2011.11.14"]

1. d4 d5 2. c4 e6 3. cxd5 exd5 4. Nc3 c6 5. Qc2 Nf6 6. Bg5 Be7 7. e3 Bg4 8. Bd3
Nbd7 9. f3 Bh5 10. Nge2 Bg6 11. e4 h6 12. Bh4 Ng8 13. Bg3 Bh4 14. exd5 Bxg3+
15. Nxg3 Bxd3 16. Qxd3 cxd5 17. Nxd5 Qa5+ 18. Nc3 O-O-O 19. O-O h5 20. Nf5 Kb8
21. Qb5 Qxb5 22. Nxb5 a6 23. Nbd6 Rf8 24. Nxg7 Rh6 25. Ngf5 Rg6 26. Rac1 Ngf6
27. Ne7 Rg5 28. b4 Rg7 29. Rf2 h4 30. Rfc2 h3 31. Rc7 Rxg2+ 32. Kh1 Rxa2 33.
Rxb7+ Ka8 34. Nc6 1-0

[Event "16. Open C.A. Villaverde 2011"]
[Site "Madrid ESP"]
[Date "2011.11.15"]
[Round "2.1"]
[White "Longa Yauca, Javier"]
[Black "Cruz Monzon, Jose"]
[Result "1-0"]
[WhiteElo "2296"]
[BlackElo "1976"]
[PlyCount "99"]
[EventDate "2011.11.14"]
[EventType "swiss"]
[EventRounds "8"]
[EventCountry "ESP"]
[Source "lmi"]
[SourceDate "2011.11.14"]

1. d4 d5 2. c4 e6 3. Nc3 c6 4. e4 dxe4 5. Nxe4 Bb4+ 6. Nc3 Nf6 7. Nf3 Nbd7 8.
a3 Bxc3+ 9. bxc3 O-O 10. Bd3 e5 11. dxe5 Re8 12. O-O Ng4 13. Bf4 Nc5 14. Bc2
Be6 15. Nd4 Qe7 16. Qe2 Rad8 17. Rfe1 f6 18. h3 Nxe5 19. Bxe5 fxe5 20. Qxe5 Qd6
21. Qxd6 Rxd6 22. Re5 Nd7 23. Re3 Bf7 24. Rxe8+ Bxe8 25. Re1 Bf7 26. Bf5 Nc5
27. Re5 Na4 28. Re7 Nxc3 29. Nf3 g6 30. Bc8 Bxc4 31. Ne5 Bd5 32. Rxb7 a5 33.
Ra7 a4 34. g4 Be4 35. Kh2 Rf6 36. f3 Bd5 37. g5 Rf8 38. Bg4 Re8 39. Nd7 Re2+
40. Kg3 Re3 41. Nf6+ Kf8 42. Nxh7+ Kg8 43. Nf6+ Kf8 44. h4 Re1 45. h5 gxh5 46.
Bxh5 Rg1+ 47. Kf2 Rd1 48. g6 Rd2+ 49. Kg3 Ne2+ 50. Kh4 1-0

[Event "16. Open C.A. Villaverde 2011"]
[Site "Madrid ESP"]
[Date "2011.11.15"]
[Round "2.3"]
[White "Quevedo Marin, Manuel"]
[Black "Rodriguez Vignote, Javier"]
[Result "1-0"]
[WhiteElo "2184"]
[BlackElo "1922"]
[PlyCount "61"]
[EventDate "2011.11.14"]
[EventType "swiss"]
[EventRounds "8"]
[EventCountry "ESP"]
[Source "lmi"]
[SourceDate "2011.11.14"]

1. d4 Nf6 2. c4 e6 3. Nc3 Bb4 4. Nf3 b6 5. Bg5 Bb7 6. e3 h6 7. Bh4 g5 8. Bg3
Ne4 9. Qc2 Bxc3+ 10. bxc3 Nxg3 11. hxg3 d6 12. c5 Ke7 13. Rb1 Bc6 14. cxd6+
cxd6 15. c4 Nd7 16. d5 exd5 17. Nd4 Rc8 18. Nf5+ Kf8 19. Nxd6 Rb8 20. Rd1 Qf6
21. cxd5 Ba4 22. Qxa4 Qxd6 23. Be2 Nc5 24. Qd4 f6 25. f4 Kg7 26. O-O Rbe8 27.
Bd3 Nxd3 28. Rxd3 Qe7 29. d6 Qe4 30. d7 Qxd4 31. dxe8=N+ 1-0

[Event "16. Open C.A. Villaverde 2011"]
[Site "Madrid ESP"]
[Date "2011.11.15"]
[Round "2.4"]
[White "Camarero Izquierdo, Juan C"]
[Black "Ramirez Garcia, Jorge Alberto"]
[Result "0-1"]
[WhiteElo "1915"]
[BlackElo "2177"]
[PlyCount "82"]
[EventDate "2011.11.14"]
[EventType "swiss"]
[EventRounds "8"]
[EventCountry "ESP"]
[Source "lmi"]
[SourceDate "2011.11.14"]

1. d4 d5 2. c4 e6 3. Nc3 Nf6 4. Qd3 Nc6 5. c5 e5 6. Bg5 exd4 7. Bxf6 Qxf6 8.
Nxd5 Qe5 9. e4 Bxc5 10. O-O-O Be6 11. f4 Qd6 12. Qb5 a6 13. Qxb7 Kd7 14. Qb3 f5
15. Qg3 Rhg8 16. Ne3 fxe4 17. Bc4 d3 18. Bxe6+ Qxe6 19. b3 Nd4 20. Nc4 a5 21.
Qg5 Be7 22. Qh5 a4 23. Nf3 exf3 24. Rxd3 c5 25. Qxf3 Kc7 26. Re3 Qxc4+ 27. bxc4
Nxf3 28. Rxe7+ Kd6 29. Rb7 Nd4 30. Re1 Rab8 31. Ra7 Rge8 32. Re5 Rxe5 33. fxe5+
Kxe5 34. Rxa4 Ke4 35. Ra7 Kd3 36. Ra3+ Kxc4 37. Ra7 g5 38. Rxh7 Re8 39. g4 Re3
40. Kd1 Kc3 41. Ra7 Nc2 0-1

[Event "16. Open C.A. Villaverde 2011"]
[Site "Madrid ESP"]
[Date "2011.11.15"]
[Round "2.5"]
[White "Lopez Heras, Arturo"]
[Black "Garcia Diaz, Victor"]
[Result "0-1"]
[WhiteElo "1904"]
[BlackElo "2107"]
[PlyCount "56"]
[EventDate "2011.11.14"]
[EventType "swiss"]
[EventRounds "8"]
[EventCountry "ESP"]
[Source "lmi"]
[SourceDate "2011.11.14"]

1. d4 d5 2. c4 c6 3. Nc3 e5 4. e3 e4 5. cxd5 cxd5 6. Bb5+ Nc6 7. Nge2 Nf6 8.
O-O Bd6 9. Nf4 O-O 10. f3 Bxf4 11. exf4 exf3 12. gxf3 Bh3 13. Re1 Qd6 14. Re5
h6 15. Be3 Nd7 16. Bd3 Ndxe5 17. fxe5 Qe6 18. Qb3 Rad8 19. Rc1 Nxe5 20. dxe5 d4
21. Qxe6 Bxe6 22. Bxd4 Rxd4 23. Be4 Rd2 24. b4 b6 25. a3 Rc8 26. f4 g6 27. h4
h5 28. Kf1 Kg7 0-1

[Event "16. Open C.A. Villaverde 2011"]
[Site "Madrid ESP"]
[Date "2011.11.15"]
[Round "2.6"]
[White "Barajas Fernandez, Helios"]
[Black "Nieto Esteban, Manuel"]
[Result "1/2-1/2"]
[WhiteElo "2106"]
[BlackElo "1760"]
[PlyCount "92"]
[EventDate "2011.11.14"]
[EventType "swiss"]
[EventRounds "8"]
[EventCountry "ESP"]
[Source "lmi"]
[SourceDate "2011.11.14"]

1. e4 e5 2. Nf3 Nc6 3. Bb5 a6 4. Ba4 Nf6 5. O-O Nxe4 6. d4 b5 7. Bb3 d5 8. dxe5
Be6 9. Nbd2 Nxd2 10. Bxd2 Be7 11. c3 O-O 12. Bc2 Bg4 13. Bf4 Re8 14. Re1 Qd7
15. Qd3 g6 16. Qe3 Bf6 17. Bb3 Bg7 18. Rad1 Be6 19. h3 Na5 20. Nd2 Rec8 21. Ne4
Nxb3 22. axb3 Qe7 23. Bg5 Qf8 24. Nf6+ Bxf6 25. exf6 c5 26. Bh6 Qd6 27. Bg7 Re8
28. Qh6 Bd7 29. h4 Rxe1+ 30. Rxe1 Re8 31. Rxe8+ Bxe8 32. Qe3 Bc6 33. h5 d4 34.
cxd4 Qxd4 35. hxg6 Qd1+ 36. Kh2 Qh5+ 37. Kg1 Qd1+ 38. Kh2 Qh5+ 39. Kg3 Qxg6+
40. Kh4 Qxg2 41. Qxc5 Qe4+ 42. Kg5 Qg6+ 43. Kf4 Qe4+ 44. Kg5 Qg6+ 45. Kh4 Qe4+
46. Kg5 Qg6+ 1/2-1/2

[Event "16. Open C.A. Villaverde 2011"]
[Site "Madrid ESP"]
[Date "2011.11.15"]
[Round "2.7"]
[White "Alvarez Escudero, Manuel"]
[Black "Vazquez Gonzalez, Jesus"]
[Result "0-1"]
[WhiteElo "1835"]
[BlackElo "2074"]
[PlyCount "44"]
[EventDate "2011.11.14"]
[EventType "swiss"]
[EventRounds "8"]
[EventCountry "ESP"]
[Source "lmi"]
[SourceDate "2011.11.14"]

1. e4 Nc6 2. d4 e5 3. d5 Nce7 4. Bd3 Ng6 5. Ne2 Bc5 6. Nbc3 a6 7. O-O d6 8. Ng3
Nf4 9. Nh5 Nxh5 10. Qxh5 Nf6 11. Qh4 h6 12. Bg5 Rg8 13. Bxf6 Qxf6 14. Qxf6 gxf6
15. Kh1 Bd7 16. a3 O-O-O 17. b4 Bd4 18. b5 Bxc3 19. bxa6 bxa6 20. Bxa6+ Kb8 21.
Rab1+ Ka7 22. Rb3 Bd4 0-1

[Event "16. Open C.A. Villaverde 2011"]
[Site "Madrid ESP"]
[Date "2011.11.15"]
[Round "2.9"]
[White "Baeza Escudero, Javier"]
[Black "Martin Rodriguez, Emilio"]
[Result "0-1"]
[WhiteElo "2040"]
[BlackElo "2126"]
[PlyCount "74"]
[EventDate "2011.11.14"]
[EventType "swiss"]
[EventRounds "8"]
[EventCountry "ESP"]
[Source "lmi"]
[SourceDate "2011.11.14"]

1. e4 e6 2. d4 d5 3. Nd2 Nf6 4. e5 Ne4 5. Bd3 Nxd2 6. Bxd2 c5 7. c3 Nc6 8. Ne2
Qb6 9. Qb3 Qxb3 10. axb3 cxd4 11. cxd4 Bd7 12. O-O Be7 13. f4 g6 14. Bc3 a6 15.
Nc1 Bd8 16. b4 Rc8 17. Nb3 Na7 18. Nc5 Bc6 19. g4 Nb5 20. Kh1 Nc7 21. Rf3 O-O
22. Rg1 f6 23. f5 fxe5 24. Re3 exd4 25. Bxd4 e5 26. Rxe5 Bf6 27. Rge1 Bxe5 28.
Rxe5 gxf5 29. Bxf5 Rce8 30. Ne6 Nxe6 31. Rxe6 Bd7 32. Rxe8 Bxe8 33. Bc5 Rf6 34.
Be7 Rc6 35. Kg2 Bg6 36. Bd7 Rc7 37. Be6+ Bf7 0-1

[Event "16. Open C.A. Villaverde 2011"]
[Site "Madrid ESP"]
[Date "2011.11.15"]
[Round "2.10"]
[White "Aziz Ortego, Omar Luis"]
[Black "Urena Castellanos, Antonio"]
[Result "1-0"]
[WhiteElo "2139"]
[BlackElo "1648"]
[PlyCount "85"]
[EventDate "2011.11.14"]
[EventType "swiss"]
[EventRounds "8"]
[EventCountry "ESP"]
[Source "lmi"]
[SourceDate "2011.11.14"]

1. e4 Nf6 2. d3 e5 3. Nc3 d6 4. f4 Nc6 5. Nf3 Bg4 6. Be2 Bxf3 7. Bxf3 Nd4 8.
O-O Be7 9. Be3 c5 10. g3 a6 11. a4 h5 12. Bg2 Ng4 13. Bd2 Qb6 14. b3 Rc8 15.
Nd5 Qd8 16. a5 Nf6 17. Nb6 Rb8 18. Ra2 h4 19. g4 h3 20. Bh1 Qc7 21. g5 Nd7 22.
Nd5 Qd8 23. g6 f6 24. f5 Nb5 25. Bf3 Nc7 26. Ne3 Nf8 27. Kh1 Qd7 28. Rg1 Qc6
29. Rg3 Rh4 30. Qf1 Rd8 31. Rxh3 Rxh3 32. Qxh3 b5 33. axb6 Qxb6 34. Ba5 Qb7 35.
Qh8 d5 36. exd5 Rd7 37. Qxg7 Bd8 38. Qg8 Nb5 39. Bxd8 Rg7 40. Qh8 Nc3 41. Ra1
Rd7 42. Bxf6 e4 43. Bh5 1-0

[Event "16. Open C.A. Villaverde 2011"]
[Site "Madrid ESP"]
[Date "2011.11.15"]
[Round "2.12"]
[White "Zuazua Conde, Ivan Javier"]
[Black "Jimenez Gonzalez, Marcos"]
[Result "0-1"]
[WhiteElo "1489"]
[BlackElo "1830"]
[PlyCount "62"]
[EventDate "2011.11.14"]
[EventType "swiss"]
[EventRounds "8"]
[EventCountry "ESP"]
[Source "lmi"]
[SourceDate "2011.11.14"]

1. d4 d5 2. c4 c6 3. Nc3 Nf6 4. e3 Bf5 5. Qb3 Qb6 6. Nf3 e6 7. c5 Qc7 8. Qd1
Be7 9. Bd3 Bg6 10. Ne5 Nbd7 11. Bxg6 hxg6 12. f4 Ne4 13. Nxe4 dxe4 14. Nxd7
Bh4+ 15. Ke2 Qxd7 16. g3 Be7 17. Bd2 Qd5 18. Kf2 g5 19. Qb3 Qd7 20. Qc2 f5 21.
b4 gxf4 22. gxf4 g5 23. Rag1 gxf4 24. exf4 O-O-O 25. Be3 Rh3 26. Ke2 Rxe3+ 27.
Kxe3 Qxd4+ 28. Ke2 Bh4 29. Rg2 Qxb4 30. Rhg1 Qb5+ 31. Ke3 Rd3+ 0-1

[Event "16. Open C.A. Villaverde 2011"]
[Site "Madrid ESP"]
[Date "2011.11.16"]
[Round "3.4"]
[White "Martin Rodriguez, Emilio"]
[Black "Martinez Cepedano, Roberto"]
[Result "1-0"]
[WhiteElo "2126"]
[BlackElo "1683"]
[PlyCount "43"]
[EventDate "2011.11.14"]
[EventType "swiss"]
[EventRounds "8"]
[EventCountry "ESP"]
[Source "lmi"]
[SourceDate "2011.11.14"]

1. d4 d5 2. c4 c6 3. Nf3 Nf6 4. Nc3 dxc4 5. e4 b5 6. e5 Nd5 7. a4 e6 8. Be2 b4
9. Ne4 Ba6 10. O-O Qa5 11. Bd2 Nd7 12. Qc2 N5b6 13. Bg5 c5 14. dxc5 Nxc5 15.
Nxc5 Bxc5 16. Qe4 O-O 17. Bf6 h6 18. Qg4 g6 19. Qf4 Kh7 20. Ng5+ Kg8 21. Qh4 h5
22. Bxh5 1-0

[Event "16. Open C.A. Villaverde 2011"]
[Site "Madrid ESP"]
[Date "2011.11.16"]
[Round "3.6"]
[White "Nieto Esteban, Manuel"]
[Black "Vidaurre, Luis"]
[Result "1-0"]
[WhiteElo "1760"]
[BlackElo "1871"]
[PlyCount "73"]
[EventDate "2011.11.14"]
[EventType "swiss"]
[EventRounds "8"]
[EventCountry "ESP"]
[Source "lmi"]
[SourceDate "2011.11.14"]

1. Nf3 d5 2. c4 dxc4 3. Na3 Nf6 4. Nxc4 e6 5. g3 Be7 6. Bg2 O-O 7. O-O Nbd7 8.
d3 c5 9. Bd2 Nd5 10. Rc1 b6 11. e4 N5f6 12. Re1 Bb7 13. Qb3 Rc8 14. a4 Bc6 15.
Be3 Ng4 16. Bf4 Ngf6 17. h3 a5 18. Qc2 Nb8 19. Bxb8 Rxb8 20. Rcd1 Qc7 21. d4
Qb7 22. Nfe5 Bxa4 23. Qxa4 b5 24. Qxa5 bxc4 25. dxc5 Qxb2 26. Nxc4 Qb5 27. Qxb5
Rxb5 28. c6 Rc5 29. e5 Rxc4 30. exf6 Bxf6 31. Rc1 Rb4 32. c7 Rc8 33. Re2 Kf8
34. Ra2 Ke7 35. Ra8 Kd7 36. Bc6+ Kxc7 37. Bg2+ 1-0

[Event "16. Open C.A. Villaverde 2011"]
[Site "Madrid ESP"]
[Date "2011.11.16"]
[Round "3.7"]
[White "Aziz Ortego, Omar Luis"]
[Black "Alvarez Escudero, Manuel"]
[Result "1-0"]
[WhiteElo "2139"]
[BlackElo "1835"]
[PlyCount "53"]
[EventDate "2011.11.14"]
[EventType "swiss"]
[EventRounds "8"]
[EventCountry "ESP"]
[Source "lmi"]
[SourceDate "2011.11.14"]

1. e4 e5 2. Nf3 Nc6 3. Bb5 d6 4. c3 Bd7 5. O-O Nf6 6. Re1 Be7 7. d4 O-O 8. Nbd2
exd4 9. cxd4 h6 10. h3 Nh7 11. Bc4 Ng5 12. a3 Nxf3+ 13. Nxf3 Bf6 14. Rb1 Qc8
15. b4 a6 16. Bb2 Nd8 17. e5 Be7 18. Rc1 dxe5 19. Nxe5 Bd6 20. Qh5 Ne6 21. Rc3
b5 22. Bd5 Rb8 23. Rg3 c6 24. Bxe6 Bxe6 25. Qxh6 Bxe5 26. Rxe5 g6 27. Rh5 1-0

[Event "16. Open C.A. Villaverde 2011"]
[Site "Madrid ESP"]
[Date "2011.11.16"]
[Round "3.9"]
[White "Cruz Monzon, Jose"]
[Black "Head Ladeveze, Jorge"]
[Result "1-0"]
[WhiteElo "1976"]
[BlackElo "1750"]
[PlyCount "117"]
[EventDate "2011.11.14"]
[EventType "swiss"]
[EventRounds "8"]
[EventCountry "ESP"]
[Source "lmi"]
[SourceDate "2011.11.14"]

1. d4 d5 2. c4 e6 3. Nc3 Nf6 4. Nf3 Be7 5. Bg5 O-O 6. e3 b6 7. cxd5 exd5 8. Rc1
Bb7 9. Bd3 Nbd7 10. O-O c5 11. Re1 h6 12. Bxf6 Nxf6 13. dxc5 bxc5 14. Qe2 a6
15. Rcd1 Qc7 16. e4 dxe4 17. Nxe4 Nxe4 18. Bxe4 Bxe4 19. Qxe4 Rfe8 20. Qa4 Qc8
21. Qd7 Bf6 22. Rxe8+ Qxe8 23. Qxe8+ Rxe8 24. b3 Bc3 25. Kf1 Kf8 26. g3 Re6 27.
Rd3 Bb4 28. Nd2 Ba5 29. Nc4 Bc7 30. Rd5 Rc6 31. f4 f6 32. Rd7 g5 33. f5 Be5 34.
Rh7 Bd4 35. Rxh6 Kg7 36. Rg6+ Kh7 37. h4 gxh4 38. gxh4 Rc7 39. h5 Re7 40. Rg2
Kh6 41. Re2 Rg7 42. Rh2 Rg5 43. Nd6 Rxh5 44. Rg2 Rh1+ 45. Ke2 Rg1 46. Rxg1 Bxg1
47. Kf3 Kg5 48. Ke4 Kg4 49. Ne8 Kg5 50. Nc7 a5 51. a4 Bf2 52. Ne6+ Kg4 53. Nd8
Be1 54. Nb7 Bb4 55. Nd6 Kh5 56. Kd5 Kg4 57. Ke6 Bc3 58. Ne4 c4 59. bxc4 1-0

[Event "16. Open C.A. Villaverde 2011"]
[Site "Madrid ESP"]
[Date "2011.11.16"]
[Round "3.10"]
[White "Galan Aguado, Fernando"]
[Black "Ruiz Quevedo, Andres"]
[Result "1/2-1/2"]
[WhiteElo "1804"]
[BlackElo "1923"]
[PlyCount "42"]
[EventDate "2011.11.14"]
[EventType "swiss"]
[EventRounds "8"]
[EventCountry "ESP"]
[Source "lmi"]
[SourceDate "2011.11.14"]

1. d4 Nf6 2. Nf3 e6 3. e3 b6 4. Bd3 Bb7 5. Nbd2 c5 6. O-O Qc7 7. b3 d6 8. Bb2
Nbd7 9. Rc1 Rc8 10. c4 Be7 11. Qe2 O-O 12. a4 Rfe8 13. Ng5 h6 14. f4 Nf8 15.
Nge4 Qd8 16. Ng3 cxd4 17. exd4 d5 18. f5 dxc4 19. Nxc4 exf5 20. Nxf5 Ba6 21.
Qf2 Bb7 1/2-1/2